Statistics for Fast Typing: The Alphabet Backwards

Click here to take the quiz!

General Stats

  • This quiz has been taken 44 times
  • The average score is 19 of 26

Answer Stats

HintAnswer% Correct
23rdw
100%
24thx
100%
25thy
100%
26thz
100%
21stu
93%
22ndv
93%
15tho
87%
16thp
87%
17thq
87%
18thr
87%
19ths
87%
20tht
87%
13thm
80%
14thn
80%
10thj
73%
11thk
73%
12thl
73%
9thi
67%
7thg
47%
8thh
47%
1sta
40%
2ndb
40%
3rdc
40%
4thd
40%
5the
40%
6thf
40%

Score Distribution

Percentile by Number Answered

Percent of People with Each Score

Your Score History

You have not taken this quiz